Irrigation: design and practice (Record no. 11912)
[ view plain ]
| 000 -LEADER | |
|---|---|
| fixed length control field | 00930nam a2200277 4500 |
| 001 - CONTROL NUMBER | |
| control field | 1738274 |
| 005 - DATE AND TIME OF LATEST TRANSACTION | |
| control field | 19740912000000.0 |
| 008 - FIXED-LENGTH DATA ELEMENTS--GENERAL INFORMATION | |
| fixed length control field | 740826s1974 enka b 001 0 eng |
| 010 ## - LIBRARY OF CONGRESS CONTROL NUMBER | |
| LC control number | 74176389 |
| 015 ## - NATIONAL BIBLIOGRAPHY NUMBER | |
| National bibliography number | GB*** |
| 020 ## - INTERNATIONAL STANDARD BOOK NUMBER | |
| International Standard Book Number | 0713427809 |
| -- | 0713427817 (pbk.) |
| 040 ## - CATALOGING SOURCE | |
| Original cataloging agency | DLC |
| Transcribing agency | DLC |
| Modifying agency | DLC |
| 050 00 - LIBRARY OF CONGRESS CALL NUMBER | |
| Classification number | TC805 |
| Item number | .W73 |
| 082 00 - DEWEY DECIMAL CLASSIFICATION NUMBER | |
| Classification number | 627.52 |
| Edition number | 22 |
| Item number | WIT |
| 100 1# - MAIN ENTRY--PERSONAL NAME | |
| Personal name | Withers, Bruce. |
| 9 (RLIN) | 6510 |
| 245 10 - TITLE STATEMENT | |
| Title | Irrigation: design and practice |
| Statement of responsibility, etc | [by] Bruce Withers [and] Stanley Vipond. |
| 250 ## - EDITION STATEMENT | |
| Edition statement | 2nd ed. |
| 260 ## - PUBLICATION, DISTRIBUTION, ETC. (IMPRINT) | |
| Place of publication, distribution, etc | [London]: |
| Name of publisher, distributor, etc | Batsford, |
| Date of publication, distribution, etc | [1974] |
| 300 ## - PHYSICAL DESCRIPTION | |
| Extent | 306 p. |
| Other physical details | ill. ; |
| Dimensions | 23 cm. |
| 350 ## - PRICE (NR) (BK AM CF MU VM SE) [OBSOLETE] | |
| Price | �6.00 |
| 504 ## - BIBLIOGRAPHY, ETC. NOTE | |
| Bibliography, etc | Includes bibliographical references. |
| 650 #0 - SUBJECT ADDED ENTRY--TOPICAL TERM | |
| Topical term or geographic name as entry element | Irrigation engineering. |
| 9 (RLIN) | 6511 |
| 700 1# - ADDED ENTRY--PERSONAL NAME | |
| Personal name | Vipond, Stanley, |
| Relator term | joint author. |
| 9 (RLIN) | 6512 |
| 942 ## - ADDED ENTRY ELEMENTS (KOHA) | |
| Source of classification or shelving scheme | Dewey Decimal Classification |
| Item type | Book - Borrowing |
| Withdrawn status | Item status | Source of classification or shelving scheme | Damaged status | Not for loan | Vendor | Home library | Current library | Shelving location | Date acquired | Source of acquisition | Cost, normal purchase price | Total Checkouts | Full call number | Barcode | Date last seen | Koha item type |
|---|---|---|---|---|---|---|---|---|---|---|---|---|---|---|---|---|
| Dewey Decimal Classification | Alef-Baa | Central Library | Central Library | First floor | 21/06/2009 | 150.00 | 627.52 WIT | 000017081 | 15/07/2025 | Book - Borrowing |